London Underground Stations: Bakerloo - Statistics

General Stats
  • This quiz has been taken 119 times
  • The average score is 18 of 25
Answer Stats
Answer % Correct
W Waterloo
92%
P Paddington
87%
QP Queen's Park
87%
EC Elephant And Castle
86%
CC Charing Cross
84%
PC Piccadilly Circus
84%
M Marylebone
80%
OC Oxford Circus
80%
LN Lambeth North
79%
BS Baker Street
78%
RP Regent's Park
78%
MV Maida Vale
76%
E Embankment
74%
ER Edgware Road
72%
WA Warwick Avenue
71%
K Kenton
69%
NW North Wembley
68%
SK South Kenton
68%
WC Wembley Central
66%
WJ Willesden Junction
66%
H Harlesden
64%
KG Kensal Green
59%
KP Kilburn Park
55%
SP Stonebridge Park
55%
HW Harrow & Wealdstone
49%
No matching quizzes found
Score Distribution
Percent of People with Each Score
Percentile by Number Answered
Your Score History
You have not taken this quiz